Evaluation report on primary health centres in Nagaland (Record no. 494079)

000 -LEADER
fixed length control field 00443cam a22001097a 4500
008 - FIXED-LENGTH DATA ELEMENTS--GENERAL INFORMATION
fixed length control field 180718b1980 xxu||||| |||| 00| 0 eng d
082 ## - DEWEY DECIMAL CLASSIFICATION NUMBER
Classification number O14x5467 N131ev
245 ## - TITLE STATEMENT
Title Evaluation report on primary health centres in Nagaland
Statement of responsibility, etc. by Evaluation Organisation (Planning and Co-ordination Department
260 ## - PUBLICATION, DISTRIBUTION, ETC.
Place of publication, distribution, etc. Dimapur
Name of publisher, distributor, etc. Mahabir Printing Press
Date of publication, distribution, etc. 1980
300 ## - PHYSICAL DESCRIPTION
Extent 57p.
700 ## - ADDED ENTRY--PERSONAL NAME
Personal name Nagaland.Evaluation Organisation (Planning and Co-ordination Department
Holdings
Withdrawn status Lost status Damaged status Not for loan Permanent Location Current Location Date acquired Full call number Barcode Date last seen Price effective from Koha item type
        Indian Institute of Public Administration Indian Institute of Public Administration 2018-08-04 O14x5467 N131ev GG18690 2018-08-04 2018-08-04 GG

Powered by Koha